League table of residential estate agency offices (Record no. 78383)

MARC details
000 -LEADER
fixed length control field 00753cab a2200193 4500
001 - CONTROL NUMBER
control field L136638
008 - FIXED-LENGTH DATA ELEMENTS--GENERAL INFORMATION
fixed length control field 070213n2007 000 0 eng u
035 ## - SYSTEM CONTROL NUMBER
System control number (Sirsi) u136638
041 0# - LANGUAGE CODE
Language code of text/sound track or separate title eng
110 2# - MAIN ENTRY--CORPORATE NAME
Corporate name or jurisdiction name as entry element Estate Agency News
9 (RLIN) 5683
245 00 - TITLE STATEMENT
Title League table of residential estate agency offices
Medium [electronic resource]
260 ## - PUBLICATION, DISTRIBUTION, ETC.
Place of publication, distribution, etc. St Annes-on-Sea
Name of publisher, distributor, etc. Estates Press Ltd
Date of publication, distribution, etc. 2007
520 ## - SUMMARY, ETC.
Summary, etc. Lists residential estate agency offices in order of league rating with a comparison drawn between January 2006 and January 2007.
590 ## - LOCAL NOTE (RLIN)
Local note KA NTK
651 #4 - SUBJECT ADDED ENTRY--GEOGRAPHIC NAME
Geographic name United Kingdom
Chronological subdivision
690 ## - LOCAL SUBJECT ADDED ENTRY--TOPICAL TERM (OCLC, RLIN)
Topical term or geographic name as entry element PROPERTY-PROPERTY AGENCY
856 40 - ELECTRONIC LOCATION AND ACCESS
Uniform Resource Identifier <a href="https://www.estateagencynews.co.uk/league.asp">https://www.estateagencynews.co.uk/league.asp</a>
Public note View the table free of charge at www.estateagencynews.co.uk...
942 ## - ADDED ENTRY ELEMENTS (KOHA)
Suppress in OPAC 0
Holdings
Withdrawn status Lost status Source of classification or shelving scheme Damaged status Not for loan Home library Current library Shelving location Date acquired Total Checkouts Full call number Barcode Date last seen Copy number Price effective from Koha item type
    Dewey Decimal Classification     Virtual Virtual Online 13/02/2007   ONLINE PUBLICATION 136638-1001 06/08/2019 1 06/08/2019 Journal article